|
|
|
|
| LEADER |
01945nam a2200373 a 4500 |
| 001 |
15348568 |
| 008 |
100818s2009 maua 001 0 eng d |
| 010 |
|
|
|a 2008028806
|
| 020 |
|
|
|a 9780071285254
|
| 020 |
|
|
|a 0071285253
|
| 020 |
|
|
|a 9780073382388 (student edition : alk. paper)
|
| 020 |
|
|
|a 0073382388 (student edition : alk. paper)
|
| 020 |
|
|
|a 9780073363639 (annotated instructor's edition : alk. paper)
|
| 020 |
|
|
|a 0073363634 (annotated instructor's edition : alk. paper)
|
| 040 |
|
|
|a DLC
|c DLC
|d DLC
|d BD-DhAAL
|
| 082 |
0 |
0 |
|a 658.15
|2 22
|
| 100 |
1 |
|
|a Block, Stanley B.
|
| 245 |
1 |
0 |
|a Foundations of financial management /
|c Stanley B. Block, Geoffrey A. Hirt, Bartley R. Danielsen.
|
| 250 |
|
|
|a 13th ed.
|
| 260 |
|
|
|a Boston :
|b McGraw-Hill Irwin,
|c c2009.
|
| 300 |
|
|
|a xxix, 665,A-9,G-16,I-20 p. :
|b col. ill. ;
|c 27 cm.
|
| 490 |
0 |
|
|a The McGraw-Hill/Irwin series in finance, insurance, and real estate
|
| 500 |
|
|
|a Includes index.
|
| 541 |
1 |
|
|e 00020783
|
| 650 |
|
0 |
|a Corporations
|x Finance.
|
| 700 |
1 |
|
|a Hirt, Geoffrey A.
|
| 700 |
1 |
|
|a Danielsen, Bartley R.
|
| 852 |
4 |
|
|a Ayesha Abed Library
|j General shelf
|
| 942 |
0 |
0 |
|0 2
|
| 999 |
|
|
|c 9218
|d 9218
|
| 952 |
|
|
|0 0
|1 0
|2 ddc
|4 0
|6 658_150000000000000_BLO_2009
|7 0
|9 11651
|a BRACUL
|b BRACUL
|c GEN
|d 2010-08-18
|l 12
|m 78
|o 658.15 BLO
|p 3010020783
|r 2023-05-31
|s 2023-05-24
|t 1
|w 2010-08-18
|y BK
|
| 952 |
|
|
|0 0
|1 0
|2 ddc
|4 0
|6 658_150000000000000_BLO_2009
|7 0
|9 12653
|a BRACUL
|b BRACUL
|c GEN
|d 2010-10-24
|e TRIM EDUCATION
|g 2575.00
|l 17
|m 70
|o 658.15 BLO
|p 3010021389
|r 2017-12-03
|s 2017-08-02
|t 2
|w 2010-10-24
|y BK
|
| 952 |
|
|
|0 0
|1 0
|2 ddc
|4 0
|6 658_150000000000000_BLO_2009
|7 0
|9 12654
|a BRACUL
|b BRACUL
|c GEN
|d 2010-10-24
|e TRIM EDUCATION
|g 2575.00
|l 17
|m 46
|o 658.15 BLO
|p 3010021370
|q 2025-12-17
|r 2023-08-29
|s 2023-08-29
|t 3
|w 2010-10-24
|y BK
|
| 952 |
|
|
|0 0
|1 4
|2 ddc
|4 0
|6 658_150000000000000_BLO
|7 0
|9 13940
|a BRACUL
|b BRACUL
|c GEN
|d 2011-01-17
|e TRIM EDUCATION
|l 0
|o 658.15 BLO
|p 3010021781
|r 2011-01-17
|t 4
|w 2011-01-17
|y BK
|x Koha Inventory 2020
|